| 000 | 00511nam a2200133Ia 4500 | ||
|---|---|---|---|
| 008 | 171212s9999 xx 000 0 und d | ||
| 020 | _a9781921934278 | ||
| 100 | _aR.J. Lawrence, | ||
| 245 |
_cR.J. Lawrence, _aProfessional Social Work in Australia |
||
| 260 |
_bANU E Press _c2016 |
||
| 650 | _aHistory | ||
| 650 | _aSocial service -- Australia -- History; Social work education -- Australia -- History; Social workers -- Training of -- Australia -- History | ||
| 856 | _uhttp://jstor.org/stable/j.ctt1bgzbpk | ||
| 999 |
_c351274 _d351274 |
||